000
00263nam a2200097Ia 4500
001
967754
005
20250826220330.0
008
250824s9999 xx 000 0 und d
245
0
_a
DAMDAN DÜŞEN PSİKOLOG
_c
DOĞAN CÜCELOĞLU
260
_b
REMZİ KİTABEVİ YAYINLARI
999
_c
967754
_d
967754